000 00509nam a2200193 a 4500
001 17541
003 CO-ViMGA
008 141112s2004 ck r 000 u spa d
020 _a9583003743
040 _aCO-ViMGA
_bspa
_cCO-ViMGA
082 0 4 _aVASp
100 1 _aVasco, Irene
245 1 0 _aPaso a paso , vuelve papá
260 _aBogotá,
_cPanAméricana,
_c1997
300 _a80.p.
590 _aForma de adquisición : Premio - Mincultura
650 1 4 _aCUENTOS JUVENILES COLOMBIANOS
_99
942 _2ddc
_cBK
999 _c7843
_d7843